Seismicity of the Earth (Record no. 261)

MARC details
000 -LEADER
fixed length control field 00642nam a2200217Ia 4500
003 - CONTROL NUMBER IDENTIFIER
control field IN-BaIIA
008 - FIXED-LENGTH DATA ELEMENTS--GENERAL INFORMATION
fixed length control field 211028s9999 xx 000 0 eng d
040 ## - CATALOGING SOURCE
Transcribing agency IIA Library
080 ## - UNIVERSAL DECIMAL CLASSIFICATION NUMBER
Universal Decimal Classification number 550.34
Item number GUT
100 ## - MAIN ENTRY--PERSONAL NAME
Personal name Gutenberg, Beno
9 (RLIN) 491
245 #0 - TITLE STATEMENT
Title Seismicity of the Earth
Statement of responsibility, etc. Beno Gutenberg and C F Richter
260 ## - PUBLICATION, DISTRIBUTION, ETC.
Place of publication, distribution, etc. New York
Name of publisher, distributor, etc. Geophysical Society of America
Date of publication, distribution, etc. 1941
300 ## - PHYSICAL DESCRIPTION
Extent vi, 131p.
490 ## - SERIES STATEMENT
Series statement Geophysical society of america special papers; no.34
650 ## - SUBJECT ADDED ENTRY--TOPICAL TERM
Topical term or geographic name entry element Astronomy and Astrophysics Thesaurus
650 ## - SUBJECT ADDED ENTRY--TOPICAL TERM
Topical term or geographic name entry element Earth
650 ## - SUBJECT ADDED ENTRY--TOPICAL TERM
Topical term or geographic name entry element Geophysics
9 (RLIN) 54
650 ## - SUBJECT ADDED ENTRY--TOPICAL TERM
Topical term or geographic name entry element Seismology
9 (RLIN) 492
700 ## - ADDED ENTRY--PERSONAL NAME
Personal name Richter, C. F.
9 (RLIN) 493
942 ## - ADDED ENTRY ELEMENTS (KOHA)
Koha item type Books
Holdings
Withdrawn status Lost status Damaged status Not for loan Home library Current library Shelving location Date acquired Total Checkouts Full call number Barcode Date last seen Price effective from Koha item type
        IIA Library-Bangalore IIA Library-Kodaikanal General Stacks     550.34/ GUT 235 05/11/2021   Books

Powered by Koha